[Event "Kaluga Tsiolkovsky Memorial op"]
[Site "Kaluga"]
[Date "2012.08.07"]
[Round "8"]
[White "Schevyova, Lubov"]
[Black "Stepanov, Igor"]
[Result "1/2-1/2"]
[WhiteElo "1894"]
[BlackElo "2040"]
[PlyCount "67"]
[EventDate "2012.07.30"]
[EventType "swiss"]
[EventRounds "9"]
[EventCountry "RUS"]
[SourceTitle "EXT 2014"]
[Source "ChessBase"]
[SourceDate "2013.11.20"]
[SourceVersion "1"]
[SourceVersionDate "2013.11.20"]
[SourceQuality "1"]

1. e4 d5 2. exd5 Qxd5 3. Nc3 Qa5 4. d4 Nf6 5. Nf3 c6 6. Be2 Bf5 7. 0-0 h6 8. h3 e6 9. a3 Nbd7 10. Be3 Qc7 11. b4 a6 12. Bd3 Bxd3 13. Qxd3 Bd6 14. Ne4 Nxe4 15. Qxe4 Nf6 16. Qd3 g5 17. Ne5 Nd5 18. c4 Nxe3 19. Qxe3 Bxe5 20. dxe5 Rd8 21. Rad1 0-0 22. Qg3 f6 23. Rd6 Qe7 24. Qd3 fxe5 25. Qg6+ Qg7 26. Qxe6+ Kh7 27. Rfd1 Rde8 28. Qg4 Rf4 29. Qd7 Re7 30. Qxe7 Qxe7 31. Rd7 Rf7 32. Rxe7 Rxe7 33. Rd6 h5 34. Kf1 1/2-1/2

[Event "Kaluga Tsiolkovsky Memorial op"]
[Site "Kaluga"]
[Date "2012.08.05"]
[Round "7"]
[White "Nabatov, Ivan"]
[Black "Schevyova, Lubov"]
[Result "1-0"]
[WhiteElo "2111"]
[BlackElo "1894"]
[PlyCount "71"]
[EventDate "2012.07.30"]
[EventType "swiss"]
[EventRounds "9"]
[EventCountry "RUS"]
[SourceTitle "EXT 2014"]
[Source "ChessBase"]
[SourceDate "2013.11.20"]
[SourceVersion "1"]
[SourceVersionDate "2013.11.20"]
[SourceQuality "1"]

1. d4 d5 2. Nf3 Nf6 3. c4 e6 4. Nc3 Nbd7 5. e3 Be7 6. Bd3 0-0 7. 0-0 b6 8. b3 Bb7 9. Bb2 c5 10. Qe2 Rc8 11. Rac1 h6 12. Rfd1 Re8 13. Ne5 Rf8 14. f4 Kh8 15. h3 Nxe5 16. dxe5 Ne8 17. cxd5 exd5 18. Bc4 Nc7 19. Nxd5 Nxd5 20. Bxd5 Bxd5 21. e4 Bc4 22. Qxc4 Qc7 23. Rd5 Rcd8 24. Rcd1 Qb7 25. a4 a6 26. Qd3 Qa8 27. f5 c4 28. bxc4 Bc5+ 29. Kh1 Rde8 30. a5 Qc6 31. axb6 Qxb6 32. Ba1 Rc8 33. Rd7 a5 34. Qd5 Qb3 35. e6 fxe6 36. Bxg7+ 1-0

[Event "Kaluga Tsiolkovsky Memorial op"]
[Site "Kaluga"]
[Date "2012.08.03"]
[Round "5"]
[White "Pavlov, Alexander"]
[Black "Schevyova, Lubov"]
[Result "0-1"]
[WhiteElo "1751"]
[BlackElo "1894"]
[PlyCount "64"]
[EventDate "2012.07.30"]
[EventType "swiss"]
[EventRounds "9"]
[EventCountry "RUS"]
[SourceTitle "EXT 2014"]
[Source "ChessBase"]
[SourceDate "2013.11.20"]
[SourceVersion "1"]
[SourceVersionDate "2013.11.20"]
[SourceQuality "1"]

1. d4 d5 2. c4 e6 3. Nc3 Nf6 4. Bg5 Nbd7 5. e3 Bb4 6. Qc2 c5 7. a3 Qa5 8. f3 cxd4 9. exd4 dxc4 10. Qc1 Bxc3+ 11. bxc3 Nd5 12. Bd2 b5 13. Ne2 0-0 14. Nf4 N7f6 15. Be2 Re8 16. 0-0 Nxf4 17. Bxf4 Nd5 18. Bd2 e5 19. Re1 Bb7 20. Kh1 exd4 21. cxd4 Qb6 22. Bc3 Nxc3 23. Qxc3 Re6 24. Rab1 Rae8 25. Bf1 a6 26. a4 Bc6 27. Rxe6 Rxe6 28. Bxc4 Rh6 29. axb5 Qc7 30. g3 Qxg3 31. Bxf7+ Kh8 32. Rb2 Bxf3+ 0-1

[Event "Kaluga Tsiolkovsky Memorial op"]
[Site "Kaluga"]
[Date "2012.08.02"]
[Round "4"]
[White "Schevyova, Lubov"]
[Black "Tchernyi, Viktor"]
[Result "0-1"]
[WhiteElo "1894"]
[BlackElo "2247"]
[PlyCount "110"]
[EventDate "2012.07.30"]
[EventType "swiss"]
[EventRounds "9"]
[EventCountry "RUS"]
[SourceTitle "EXT 2014"]
[Source "ChessBase"]
[SourceDate "2013.11.20"]
[SourceVersion "1"]
[SourceVersionDate "2013.11.20"]
[SourceQuality "1"]

1. e4 c5 2. c3 g6 3. d4 cxd4 4. cxd4 d5 5. e5 Nc6 6. Nc3 Bg7 7. h3 f6 8. exf6 Nxf6 9. Nf3 0-0 10. Be2 Nh5 11. 0-0 Nf4 12. Bb5 e6 13. Be3 g5 14. Nh2 h6 15. Ne2 Nxe2+ 16. Bxe2 Qb6 17. Nf3 Qxb2 18. a3 Qb6 19. Qd3 Qc7 20. h4 g4 21. Nh2 h5 22. Rfc1 Qe7 23. Bg5 Qf7 24. Be3 Qf5 25. Qd2 Qf6 26. Bd3 Nxd4 27. Rab1 Nc6 28. Nf1 Qf7 29. Ng3 e5 30. Rb5 Be6 31. Rcb1 Rab8 32. Bc5 Rfd8 33. Qg5 e4 34. Be2 b6 35. Be3 d4 36. Bf4 a6 37. R5b2 Rd5 38. Qxd5 Bxd5 39. Bxb8 b5 40. Bxb5 d3 41. Rd2 Nxb8 42. Bxd3 Qe8 43. Bc2 Bc6 44. Rbd1 Bf6 45. Rd6 Bxh4 46. Bb3+ Kf8 47. Nf5 Bg5 48. Nd4 Bd7 49. Be6 Ba4 50. Rb1 e3 51. Bf5 exf2+ 52. Kh1 Qe1+ 53. Rxe1 fxe1Q+ 54. Kh2 Qh4+ 55. Kg1 Be3+ 0-1

[Event "Moscow op (Women)"]
[Site "Moscow"]
[Date "2012.02.05"]
[Round "9"]
[White "Sprints, Eleonora"]
[Black "Schevyova, Lubov"]
[Result "0-1"]
[WhiteElo "1671"]
[BlackElo "1913"]
[PlyCount "106"]
[EventDate "2012.01.28"]
[EventType "swiss"]
[EventRounds "9"]
[EventCountry "RUS"]
[SourceTitle "CBM 146 Extra"]
[Source "ChessBase"]
[SourceDate "2012.02.29"]
[SourceVersion "1"]
[SourceVersionDate "2012.02.29"]
[SourceQuality "1"]

1. b3 e5 2. e3 d5 3. Bb2 f6 4. f3 Nc6 5. a3 a6 6. d4 Be6 7. c4 exd4 8. exd4 Nge7 9. c5 Ng6 10. g3 Be7 11. Bd3 Qd7 12. Qc2 f5 13. Ne2 Bf6 14. Nd2 Nce7 15. b4 f4 16. 0-0-0 Nf5 17. Nf1 Bg5 18. Kb1 fxg3 19. hxg3 0-0-0 20. f4 Bf6 21. a4 Nfe7 22. Bc3 c6 23. Qb3 Bf5 24. Kc2 Rde8 25. Rh2 h5 26. Ne3 Bxd3+ 27. Rxd3 Nf5 28. Nxf5 Qxf5 29. Kd2 h4 30. gxh4 Rxh4 31. Rxh4 Bxh4 32. Qd1 Nxf4 33. Nxf4 Qxf4+ 34. Kc2 Qf5 35. Kb3 Bf6 36. Rf3 Qe4 37. Rd3 Qe2 38. Qxe2 Rxe2 39. Rh3 Re4 40. Rd3 Kd7 41. Bb2 g5 42. Rd1 g4 43. Kc3 Ke6 44. Rd2 g3 45. Kd3 Kf5 46. Re2 Rxe2 47. Kxe2 Ke4 48. Bc3 Bxd4 49. Bxd4 Kxd4 50. Kf3 Kc4 51. Kxg3 Kxb4 52. Kf3 Kxc5 53. Ke3 Kc4 0-1

[Event "Moscow op (Women)"]
[Site "Moscow"]
[Date "2012.02.03"]
[Round "7"]
[White "Schevyova, Lubov"]
[Black "Muksimova, Oksana"]
[Result "0-1"]
[WhiteElo "1913"]
[BlackElo "1748"]
[PlyCount "152"]
[EventDate "2012.01.28"]
[EventType "swiss"]
[EventRounds "9"]
[EventCountry "RUS"]
[SourceTitle "CBM 146 Extra"]
[Source "ChessBase"]
[SourceDate "2012.02.29"]
[SourceVersion "1"]
[SourceVersionDate "2012.02.29"]
[SourceQuality "1"]

1. e4 e5 2. Nf3 Nc6 3. Bb5 a6 4. Ba4 Nf6 5. 0-0 Bc5 6. h3 0-0 7. Re1 b5 8. Bb3 Bb7 9. c3 d6 10. d4 exd4 11. cxd4 Bb6 12. Bg5 h6 13. Bh4 Na5 14. Bc2 Re8 15. Nbd2 g5 16. Bg3 Rc8 17. e5 dxe5 18. Bxe5 Nc6 19. Bf5 Rb8 20. Nb3 Nxe5 21. dxe5 Qxd1 22. Raxd1 Nd5 23. e6 Nf4 24. e7 Nd5 25. Rxd5 Bxd5 26. Bd7 Bxb3 27. axb3 f6 28. h4 Kf7 29. Bxe8+ Rxe8 30. hxg5 hxg5 31. Ra1 Rxe7 32. Kf1 a5 33. Rd1 Re4 34. Rd5 Rf4 35. Rd2 g4 36. Ne1 a4 37. bxa4 Rxa4 38. Nc2 Ba5 39. Rd1 Ra2 40. Rb1 Bc3 41. bxc3 Rxc2 42. Rxb5 Rxc3 43. Rb4 f5 44. Rb7 Ke6 45. Ke2 Rc2+ 46. Ke1 Ke5 47. Rb5+ c5 48. Rb8 c4 49. Rb5+ Ke4 50. f3+ gxf3 51. gxf3+ Ke3 52. Re5+ Kf4 53. Rc5 c3 54. Kd1 Rd2+ 55. Kc1 Rd3 56. Kc2 Rxf3 57. Kd1 Kg3 58. Ke1 Re3+ 59. Kf1 f4 60. Rg5+ Kf3 61. Rc5 Ke4 62. Kf2 Kd3 63. Rd5+ Kc2 64. Rd4 Rd3 65. Rc4 Kd2 66. Rxf4 c2 67. Rc4 c1Q 68. Rxc1 Kxc1 69. Ke2 Kc2 70. Kf2 Kd2 71. Kg2 Ke2 72. Kg1 Rg3+ 73. Kh1 Rg7 74. Kh2 Kf3 75. Kh1 Kf2 76. Kh2 Rh7# 0-1

[Event "Moscow op (Women)"]
[Site "Moscow"]
[Date "2012.02.02"]
[Round "6"]
[White "Turygina, Irina"]
[Black "Schevyova, Lubov"]
[Result "1/2-1/2"]
[WhiteElo "1693"]
[BlackElo "1913"]
[PlyCount "114"]
[EventDate "2012.01.28"]
[EventType "swiss"]
[EventRounds "9"]
[EventCountry "RUS"]
[SourceTitle "CBM 146 Extra"]
[Source "ChessBase"]
[SourceDate "2012.02.29"]
[SourceVersion "1"]
[SourceVersionDate "2012.02.29"]
[SourceQuality "1"]

1. e4 e6 2. d4 b6 3. Be2 Bb7 4. Bf3 d6 5. Ne2 Nd7 6. 0-0 Ngf6 7. Ng3 h5 8. Re1 h4 9. Nh5 Nxh5 10. Bxh5 g6 11. Bg4 Nf6 12. Bg5 Be7 13. Bxf6 Bxf6 14. Nc3 Bg7 15. Qd3 a6 16. Rad1 Qg5 17. h3 0-0-0 18. d5 f5 19. Bf3 e5 20. a4 Rdf8 21. b4 Qe7 22. Ra1 Qd7 23. a5 b5 24. Ne2 Kd8 25. c4 bxc4 26. Qxc4 Ke7 27. exf5 gxf5 28. Nf4 Kf7 29. Ne6 Rc8 30. Rac1 e4 31. Be2 Be5 32. b5 axb5 33. Qxb5 Qxb5 34. Bxb5 Bxd5 35. Nxc7 Bb3 36. Bd7 Rcd8 37. Bxf5 d5 38. a6 Bc4 39. Ne6 Ra8 40. Nc5 Bd4 41. Nxe4 Rxa6 42. Nc3 Rf6 43. Ne4 Rb6 44. Rc2 Rhb8 45. Rd1 Rb1 46. Rcc1 Rxc1 47. Rxc1 dxe4 48. Rxc4 Rb1+ 49. Kh2 Be5+ 50. g3 hxg3+ 51. fxg3 Rb2+ 52. Kg1 e3 53. Rc2 Bd4 54. Kf1 Rb1+ 55. Kg2 Rd1 56. Re2 Kf6 57. Bg4 Rc1 1/2-1/2

[Event "Moscow op (Women)"]
[Site "Moscow"]
[Date "2012.01.31"]
[Round "4"]
[White "Edilsultanova, Zalina"]
[Black "Schevyova, Lubov"]
[Result "0-1"]
[WhiteElo "1673"]
[BlackElo "1913"]
[PlyCount "66"]
[EventDate "2012.01.28"]
[EventType "swiss"]
[EventRounds "9"]
[EventCountry "RUS"]
[SourceTitle "CBM 146 Extra"]
[Source "ChessBase"]
[SourceDate "2012.02.29"]
[SourceVersion "1"]
[SourceVersionDate "2012.02.29"]
[SourceQuality "1"]

1. Nf3 Nf6 2. c4 b6 3. g3 Bb7 4. Bg2 e6 5. 0-0 d5 6. d4 Be7 7. cxd5 exd5 8. Nc3 0-0 9. Ne5 Re8 10. Qa4 c5 11. dxc5 Bxc5 12. Nd3 Bc6 13. Qc2 Nbd7 14. Nxc5 bxc5 15. Rd1 Nb6 16. Bf4 Rc8 17. Bg5 d4 18. Bxc6 Rxc6 19. Nb5 Qd7 20. e3 Rce6 21. Nc3 Qb7 22. exd4 cxd4 23. Na4 Nxa4 24. Qxa4 Qxb2 25. Rab1 Qc3 26. Rxd4 Qf3 27. Rdd1 a6 28. Qb3 Qf5 29. Qd3 Re1+ 30. Kg2 Qxd3 31. Rxe1 Rxe1 32. Rxe1 Qd5+ 33. Kg1 Qxa2 0-1